Generation Y

Podrobná bibliografia
Médium: Časopis
Jazyk:slovenčina
Fyzický popis:7 zv. 21 cm
Vydavateľské údaje: Košice Initia 2004-2011
Predmet:

MARC

LEADER 00000cas a2200000 a 4500
001 vtls008771071
003 SK-MaSNL
005 20260228160544.0
008 060607d20042011xo fr|p 0 b0slo
040 |a SNK  |b slo  |c SNK  |e AACR2 
041 0 |a slo 
044 |a xo  |c SK 
072 7 |a 659  |x Reklama. Public relations. Médiá  |2 konspekt 
080 |a 659.131/.132  |2 2011 
080 |a 655.535.6(051)  |2 2011 
080 |a 050  |2 2011 
245 0 0 |a Generation Y 
260 |a Košice  |b Initia  |c 2004-2011 
300 |a 7 zv.  |c 21 cm 
310 |a Nepravidelne 
362 |a Č. 1 (2004)-2011  |z BA001/2013 
500 |a Reg. číslo: MK SR RP 88/2004 
500 |a Priebežné číslovanie 
500 |a Evidenčné číslo MK SR : EV 4126/10 
650 0 7 |a inzercia  |2 SNKPH  |9 22087 
655 7 |a inzertné časopisy  |2 SNKPH  |9 70809 
910 |a snk 
999 |c 2965  |d 4895 
952 |0 0  |1 0  |4 0  |7 0  |8 0  |a SNK  |b SNK  |d 2019-05-10  |i snk2019/13057  |l 0  |o snkČSC 3981/2004  |p 17A1367253  |r 2026-02-21 22:06:57  |t č. 1  |w 2026-02-21  |y PREZ 
952 |0 0  |1 0  |4 0  |7 0  |8 0  |a SNK  |b SNK  |d 2019-05-10  |i snk2019/13059  |l 0  |o snkČSC 3981/2005  |p 17A1367254  |r 2026-02-21 22:06:58  |t č. 2-5  |w 2026-02-21  |y PREZ 
952 |0 0  |1 0  |4 0  |7 0  |8 0  |a SNK  |b SNK  |d 2019-05-10  |i snk2019/13114  |l 0  |o snkČSC 3981/2006  |p 17A1367255  |r 2026-02-21 22:06:58  |t č. 6-9  |w 2026-02-21  |y PREZ 
952 |0 0  |1 0  |4 0  |7 0  |8 0  |a SNK  |b SNK  |d 2019-05-10  |i snk2019/13117  |l 0  |o snkČSC 3981/2007  |p 17A1367256  |r 2026-02-21 22:06:58  |t č. 10-14  |w 2026-02-21  |y PREZ 
952 |0 0  |1 0  |4 0  |7 0  |8 0  |a SNK  |b SNK  |d 2019-05-10  |i snk2019/13124  |l 0  |o snkČSC 3981/2008  |p 17A1367257  |r 2026-02-21 22:06:58  |t č. 15-19  |w 2026-02-21  |y PREZ 
952 |0 0  |1 0  |4 0  |7 0  |8 0  |a SNK  |b SNK  |d 2019-05-10  |i snk2019/13128  |l 0  |o snkČSC 3981/2009  |p 17A1367258  |r 2026-02-21 22:06:58  |t č. 20  |w 2026-02-21  |y PREZ 
952 |0 0  |1 0  |4 0  |7 0  |8 0  |a SNK  |b SNK  |d 2019-05-10  |i snk2019/13129  |l 0  |o snkČSC 3981/2010  |p 17A1367259  |r 2026-02-21 22:06:58  |t č. špec. vydanie  |w 2026-02-21  |y PREZ  |z Špec. vydanie: Energia